和歌山県の市町村(1960年) - Statistics

General Stats
  • This quiz has been taken 49 times
  • The average score is 45 of 52
Answer Stats
No. 市町村 備考 % Correct
1 和歌山市
100%
2 海南市
97%
5 御坊市
97%
6 田辺市
97%
7 新宮市
97%
3 橋本市
94%
4 有田市
91%
17 那賀郡 岩出町 2006年昇格
91%
18 伊都郡 かつらぎ町
91%
29 日高郡 日高町
91%
36 日高郡 南部町 2004年消滅
91%
38 西牟婁郡 白浜町
91%
44 西牟婁郡 すさみ町
91%
45 西牟婁郡 串本町
91%
46 東牟婁郡 那智勝浦町
91%
47 東牟婁郡 太地町
91%
13 那賀郡 粉河町 2005年消滅
88%
21 伊都郡 高野町
88%
23 有田郡 湯浅町
88%
24 有田郡 広川町 1996年改称
88%
28 日高郡 美浜町
88%
34 日高郡 龍神村 2005年消滅
88%
49 東牟婁郡 古座川町
88%
52 東牟婁郡 北山村
88%
16 那賀郡 貴志川町 2005年消滅
85%
30 日高郡 由良町
85%
35 日高郡 南部川村 2004年消滅
85%
40 西牟婁郡 中辺路町 2005年消滅
85%
42 西牟婁郡 上富田町
85%
50 東牟婁郡 熊野川町 2005年消滅
85%
51 東牟婁郡 本宮町 2005年消滅
85%
9 海草郡 下津町 2005年消滅
82%
10 海草郡 野上町 2006年消滅
82%
12 那賀郡 打田町 2005年消滅
82%
14 那賀郡 那賀町 2005年消滅
82%
15 那賀郡 桃山町 2005年消滅
82%
19 伊都郡 高野口町 2006年消滅
82%
20 伊都郡 九度山町
82%
22 伊都郡 花園村 2005年消滅
82%
25 有田郡 吉備町 2006年消滅
82%
32 日高郡 中津村 2005年消滅
82%
37 日高郡 印南町
82%
41 西牟婁郡 大塔村 2005年消滅
82%
48 東牟婁郡 古座町 2005年消滅
82%
11 海草郡 美里町 2006年消滅
79%
26 有田郡 金屋町 2006年消滅
79%
27 有田郡 清水町 2006年消滅
79%
31 日高郡 川辺町 2005年消滅
79%
33 日高郡 美山村 2005年消滅
79%
43 西牟婁郡 日置川町 2006年消滅
76%
8 海草郡 初島町 1962年消滅
65%
39 西牟婁郡 牟婁町 1964年消滅
65%
No matching quizzes found
Score Distribution
Percent of People with Each Score
Percentile by Number Answered
Your Score History
You have not taken this quiz